000 00564nam a2200229Ia 4500
003 OSt
005 20220923230335.0
006 a|||||r|||| 00| 0
007 ta
008 Pun
024 _a279,615
037 _cTextual
040 _aARTS
_cARTS
_bPun
041 _2Pun
_aPun
082 _aO153,1NKA9x, M7
100 _aਅਜੀਤ
245 0 _aਸਾਵੀਆਂ ਮੁੰਜਰਾਂ
260 _c1987
650 _aਪੰਜਾਬੀ ਸਾਹਿਤ
942 _hO153,1NKA9x, M7
_cTEXL
_2CC
999 _c384088
_d384088